Bezpečnostné požiadavky na bleskozvody v obchodnom centre

Na minha lista:
Detalhes bibliográficos
Autor principal: Môciková, Dominika, 1990- (Author)
Outros Autores: Balog, Karol, 1949- (Thesis advisor)
Formato: Manuscrito Livro
Idioma:eslovaco
Publicado em: Trnava : STU v Bratislave MTF UBEI, 2013
Assuntos:
Acesso em linha:VAIS
Tags: Adicionar Tag
Sem tags, seja o primeiro a adicionar uma tag!

MARC

LEADER 00000ntm a22000003a 4500
001 stu269977
005 20150617230245.2
008 130703s2013----xo------------------slo-d
040 |a STU  |b slo 
041 0 |a slo 
044 |a xo 
100 1 |a Môciková, Dominika,  |d 1990-  |4 aut  |u M  |T MTF Materiálovotechnologická fakulta  |X 6448  |U M  |Y 60  |7 A000006448 
242 0 0 |a Safety requirements of lightning conductors in a shopping center  |y eng 
245 1 |a Bezpečnostné požiadavky na bleskozvody v obchodnom centre 
260 |a Trnava :  |b STU v Bratislave MTF UBEI,  |c 2013 
650 7 |a Occupational Health and Safety  |2 estusub 
650 7 |a safety  |2 estusub 
650 7 |a bezpečnosť  |2 stusub 
650 7 |a obchodné centrá  |2 stusub 
700 1 |a Balog, Karol,  |d 1949-  |4 ths  |u M5000  |U MTF Materiálovotechnologická fakulta  |T MTF Ústav bezpečnosti, environmentu a kvality  |X 243  |U M5000  |Y 85  |7 A000000243 
856 4 |a info a plný text  |u http://is.stuba.sk/zp/portal_zp.pl?podrobnosti=78704  |3 VAIS 
996 |c M*BP-6351  |l MMSKP  |s P  |a 0  |w stu269977_0001